00350nam a2200121Ia 4500008004100000041000800041082001600049100002100065245004500086260005400131300003000185365001300215240624s9999 xx 000 0 und d aeng a659.157 STA aSTAHLBERG MARKUS aSHOPPER MARKETING HOW TO INCREASE PURCHA c2010aNew DelhibKogan Page India Private limited axi, : 244 : p. : cm. ; 23 cRSb33.5